Central Library OPAC University of Rajshahi

A Text book of light (Record no. 72911)

MARC details
000 -LEADER
fixed length control field 00763nam a2200241 a 4500
001 - CONTROL NUMBER
control field 72911
003 - CONTROL NUMBER IDENTIFIER
rucl marc code BD-RjUL
005 - DATE AND TIME OF LATEST TRANSACTION
control field 20211209082326.0
008 - FIXED-LENGTH DATA ELEMENTS--GENERAL INFORMATION
fixed length control field 170525s1969 bg a|||| |||| 00| 0 eng d
035 ## - SYSTEM CONTROL NUMBER
System control number (BD-RjUL)73129
040 ## - CATALOGING SOURCE
Original cataloging agency BD-RjUL
Language of cataloging eng
Transcribing agency BD-RjUL
041 ## - LANGUAGE CODE
Language code of text/sound track or separate title eng
082 ## - DEWEY DECIMAL CLASSIFICATION NUMBER
Edition number 23
Classification number 535
Author mark and year CHT 1969
100 1# - MAIN ENTRY--PERSONAL NAME
Personal name Chaudhury, Abdul Matin
9 (RLIN) 212475
245 10 - TITLE STATEMENT
Title A Text book of light
Remainder of title [For Degree Students] /
Statement of responsibility, etc. by Abdul Matin Chaudhury, Kamini Mohan Shaha and Nasir Uddin Pramanik.
250 ## - EDITION STATEMENT
Edition statement 2nd ed.
260 ## - PUBLICATION, DISTRIBUTION, ETC. (IMPRINT)
Place of publication, distribution, etc. Dacca :
Name of publisher, distributor, etc. Mullick Brothers,
Date of publication, distribution, etc. 1969
300 ## - PHYSICAL DESCRIPTION
Pagination vii, 281 p. :
Illustrations ill. ;
Size 17 cm
650 ## - SUBJECT ADDED ENTRY--TOPICAL TERM
Topical term or geographic name as entry element Light
9 (RLIN) 215659
700 ## - ADDED ENTRY--PERSONAL NAME
Personal name Shaha, Kamini Mohan, jt auth.
Personal name Pramanik, Nasir Uddin, jt auth.
942 ## - ADDED ENTRY ELEMENTS (KOHA)
Source of classification or shelving scheme Dewey Decimal Classification
Koha item type Books
Holdings
Lost status Source of classification or shelving scheme Damaged status Not for loan Collection code Permanent Location Current Location Shelving location Date acquired Source of acquisition Cost, normal purchase price Total Checkouts Full call number Date last seen Copy number Koha item type
  Dewey Decimal Classification   Not For Loan Non-fiction Central Library, University of Rajshahi Central Library, University of Rajshahi Reading Room 19/07/1973 Muhiuddin & Sons 16.00   535 CHT 1969 25/05/2017 C-1 Books
  Dewey Decimal Classification     Non-fiction Central Library, University of Rajshahi Central Library, University of Rajshahi   31/12/1973 Eureka book agency, Rajshahi 32.00   535 CHT 1969 27/11/2017 C-2 Books